000 00532nam a2200193Ia 4500
008 131103s9999 xx 000 0 und d
020 _cRs.150
040 _aLoreto College
041 _aEnglish
082 _a891.431/MAH-VIM
_bLCLIB/12829
100 _aVimal,Kumar
245 _aMahadevi Varma
_cKumar Vimal
260 _aPatna
_bParag Prakashan
_c1962
300 _a91 p.
_c 21 cm.
440 _aParag mulyankan mala
650 _aHindi Poetry - Criticism & interpretation
850 _aLCLIB/891.431/MAH-VIM
942 _cBK
999 _c17976
_d68455